Responses for Show #469 - Thursday, September 25, 1986

Contestants

[<< previous game]

Jim Bell, a student from Branford, Connecticut

Chas Wilson, an artillery officer from Watertown, New York

Don Tracy, a lawyer originally from Philadelphia, Pennsylvania (whose 1-day cash winnings total $8,300)

[next game >>]

Jeopardy! Round responses

1965
FAMOUS ALEXANDERS
(Alex: I like that!)
CARDS
MAMMALS
THE CONTINENTS
GOLF
    $100 5
Lew Alcindor

Don
    $100 7
Alexander Graham Bell

Jim
    $100 16
4

Don
    $100 26
cats

Chas
    $100 21
(Chas: What is Baffin Island?)

Greenland

Chas
Triple Stumper
    $100 8
cup

Don
    $200 1
stockings

Don
    $200 9
Brandy Alexander

Chas
    $200 12
(Jim: What is a card dealer?)

magician

DonJim
    $200 27
lipizzans

Don
    $200 22
(Don: What is South America?)

Africa

DonChas
    $200 17
holes

Don
    $300 2
Mercedes

Don
    $300 6
Alexander the Great

Chas
    $300 13
(Chas: What is pinochle?)

bridge

DonChas
    $300 28
[end-of-round signal sounds]

badger

Triple Stumper
    $300 23
(Don: What is Africa?)

Australia

DonChas
    $300 18
the longest hole

Jim
    $400 3
(Chas: What is West Point?)

the Air Force Academy

Chas
Triple Stumper
    $400 10
Alexander Godunov

Don
    $400 14
triumph

Don
    $400 24
(Alex: And we've got a minute to go in the round!)

3 (Asia, Africa & South America)

Chas
    $400 19
(Don: What is the PGA?)
(Jim: What is the Masters?)

the U.S. Open

DonJim
Triple Stumper
    $500 4
(Don: What is the Texas Rangers Stadium?)

the Houston Astrodome

Don
    $500 11
Alexander Pope

Don
    $500 15
clubs

Triple Stumper
    $500 25
(Jim: What is South America?)
(Don: What is Asia?)

North America

DonChasJim
    $500 20
Seve Ballesteros

Jim

Scores at the first commercial break (after clue 11):

Don Chas Jim
$1,100 $100 $100

Scores at the end of the Jeopardy! Round:

Don Chas Jim
$1,100 $1,200 -$200

Double Jeopardy! Round responses

WORLD LEADERS
OLD RADIO
5-LETTER WORDS
U.S. CITIES
ADAPTATIONS
WOMEN FIRST
    $200 1
(Chas: Who was Leon Trotsky?)

Stalin

Chas
Triple Stumper
    $200 16
Breakfast

Don
    $200 10
court

Jim
    $200 4
Philadelphia

Jim
    $200 24
The Wizard of Oz

Don
    $200 3
going over Niagara Falls in a barrel

Chas
    $400 2
David Ben-Gurion

Don
    $400 12
Gildersleeve

Don
    $400 11
jelly

Don
    $400 5
Miami

Don
    $400 25
Cyrano de Bergerac

Jim
    $400 6
sainthood

Chas
    $600 18
(Chas: What is China?)
(Alex: Be more specific...)
(Chas: Nationalist China)

Taiwan

Chas
    $600 13
the Shadow knows

Don
    $600 21
recap

Don
    $600 7
(Chas: What is St. Louis?)
(Jim: What is Tampa?)

Milwaukee

ChasJim
Triple Stumper
    $600 17
nude

Jim
    $800 19
(Jim: Who was Choo Dong-Wan?)

Syngman Rhee

DonJim
    $700 14
(Alex: "Where The Blue Of The Night".)

Bing Crosby

Don
    $800 22
where

Don
    $800 8
San Diego

Chas
    $1000 20
Brazil

Triple Stumper
    $1000 15
Ed Wynn

Triple Stumper
    $1000 23
(Alex: And we've got less than a minute to go.)

The Knack

Triple Stumper
    $1000 9
(Don: What is Santa Fe?)
(Chas: What is Albuquerque?)

Taos

DonChas
Triple Stumper
    $1000 26
(Chas: What is "The Razor's Edge?")
[end-of-round signal sounds]
(Alex: And bad news for Jim of course; he started off slowly & he just couldn't seem to turn it around, finishing in a negative situation, so he won't be around for Final Jeopardy.)

Of Human Bondage

DonChas

Scores at the end of the Double Jeopardy! Round:

Don Chas Jim
$6,600 $400 -$200
(lock game)

[wagering suggestions for these scores]

Final Jeopardy! Round responses

THE CONSTITUTION
ChasWhat is 27?
$399
DonWhat is 27?
$3,400
27

Final scores:

Don Chas Jim
$10,000 $799 -$200
2-day champion: $18,300 2nd place: Trip to the Xanadu Beach & Marina Resort 3rd place: Helbros His & Her Watches

Game dynamics:

Coryat scores:

Don Chas Jim
$7,200 $400 -$200
24 R
(including 2 DDs),
6 W
(including 1 DD)
11 R,
7 W
7 R,
5 W

Combined Coryat: $7,400

[game clues] [game scores] [suggest correction]

Game tape date: 1986-08-12
The J! Archive is created by fans, for fans. Scraping, republication, monetization, and malicious use prohibited; this site may use cookies and collect identifying information. See terms. The Jeopardy! game show and all elements thereof, including but not limited to copyright and trademark thereto, are the property of Jeopardy Productions, Inc. and are protected under law. This website is not affiliated with, sponsored by, or operated by Jeopardy Productions, Inc. Join the discussion at JBoard.tv.